000 00760nam a2200241 a 4500
001 000022677
005 20200930021731.0
008 101014s1997 es 001 0 spa d
020 _a8423988260
040 _aDO-SdBNP
_bspa
_cBNPHU
082 _axxxx
_bA411c
100 1 _aAlighieri, Dante
_d1265-1321
_913825
245 1 0 _aEl convivio ;
_bDivina comedia /
_cDante Alighieri.
260 _aMadrid, :
_bEditorial Espasa Calpe,
_c1997.
_fHuertas
300 _a517 p. ;
_c22 cm.
490 1 _aAntología de la literatura universal
563 _aVarias obras empaginadas en páginas continua
740 2 _aDivina comedia
740 2 _aEl incendio
740 2 _aHistoria de mi vida
830 0 _aAntología de la literatura universa
_946616
049 _aBNPD
999 _c22174
_d22174